Catálogo

ADMINISTRACION DE RECURSOS HUMANOS (Registro nro. 30918)

Detalles MARC
000 -LEADER
fixed length control field 00997nam a2200193 a 4500
001 - CONTROL NUMBER
control field 30918
005 - DATE AND TIME OF LATEST TRANSACTION
control field 20180713234227.0
008 - FIXED-LENGTH DATA ELEMENTS--GENERAL INFORMATION
fixed length control field 140415s2007 mx 000 0 spa d
020 ## - INTERNATIONAL STANDARD BOOK NUMBER
International Standard Book Number 139789701061046
041 ## - LANGUAGE CODE
Language code of text/sound track or separate title spa
082 ## - DEWEY DECIMAL CLASSIFICATION NUMBER
Classification number 658
Item number CHI
100 1# - MAIN ENTRY--PERSONAL NAME
Personal name CHIAVENATO, IDALBERTO
245 10 - TITLE STATEMENT
Title ADMINISTRACION DE RECURSOS HUMANOS
250 ## - EDITION STATEMENT
Edition statement 8ª EDICIÓN
260 ## - PUBLICATION, DISTRIBUTION, ETC.
Place of publication, distribution, etc. MEXICO :
Name of publisher, distributor, etc. MC GRAW HILL,
Date of publication, distribution, etc. 2007
300 ## - PHYSICAL DESCRIPTION
Extent 500
Dimensions 22 x 3 x 27
520 ## - SUMMARY, ETC.
Summary, etc. EL ÉXITO DE LAS ORGANIZACIONES MODERNAS EN UN AMBIENTE DE NEGOCIOS DINÁMICO Y COMPETITIVO ES CADA VEZ MÁS EL RESULTADO DE UNA ADMINISTRACIÓN REALMENTE EFICAZ DE LOS RECURSOS HUMANOS. LA ESTRUCTURA, LA TECNOLOGÍA Y LOS RECURSOS FINANCIEROS Y MATERIALES CONTRIBUYEN SOBREMANERA A LA RENTABILIDAD Y LA SUSTENTABILIDAD DE LAS ORGANIZACIONES, PERO SON SÓLO ASPECTOS FÍSICOS QUE DEBEN SER ADMINISTRADOS CON INTELIGENCIA POR LAS PERSONAS, QUE CONSTITUYEN EL ELEMENTO QUE VIVIFICA Y DA DIRECCIÓN A
650 14 - SUBJECT ADDED ENTRY--TOPICAL TERM
Topical term or geographic name entry element RECURSOS HUMANOS
Existencias
Withdrawn status Lost status Source of classification or shelving scheme Damaged status Not for loan Collection code Home library Current library Shelving location Date acquired Source of acquisition Total Checkouts Full call number Barcode Date last seen Date last checked out Price effective from Koha item type
    Dewey Decimal Classification     General Tehuacán Tehuacán Sala general 03/12/2013 Compra 3 658 CHI 505495 08/01/2025 11/02/2019 03/12/2013 Libro